Kaposvár az Árpád-korban

Elmentve itt :
Bibliográfiai részletek
Szerző: Györffy György
Dokumentumtípus: Cikk
Megjelent: 1975
Sorozat:Kaposvár : várostörténeti tanulmányok
Kulcsszavak:Kaposvár története - 11-14. sz.
Tárgyszavak:
Online Access:http://misc.bibl.u-szeged.hu/68188
LEADER 00745nab a2200217 i 4500
001 misc68188
005 20230207103951.0
008 220331s1975 hu o 0|| hun d
040 |a SZTE Miscellanea Repozitórium  |b hun 
041 |a hun 
100 1 |a Györffy György 
245 1 0 |a Kaposvár az Árpád-korban  |h [elektronikus dokumentum] /  |c  Györffy György 
260 |c 1975 
300 |a 63-73  |c 24 cm 
490 0 |a Kaposvár : várostörténeti tanulmányok 
561 |a Németh Gyula hagyaték 
591 |a OH 2108 
650 4 |a Bölcsészettudományok 
650 4 |a Történettudomány és régészet 
695 |a Kaposvár története - 11-14. sz. 
856 4 0 |u http://misc.bibl.u-szeged.hu/68188/1/2108_oh_g87.pdf  |z Dokumentum-elérés